| 000 | 01404ntm a22004937a 4500 | ||
|---|---|---|---|
| 005 | 20260505104417.0 | ||
| 008 | 170303s2016 xxu||||| |||| 00| 0 spa d | ||
| 020 | _a9788496743502 | ||
| 041 | _aESP | ||
| 082 | _a651.3 L847g3 | ||
| 100 |
_aLondoño Mateus, María Claudia _940850 |
||
| 245 | _aGuía para la secretaria ejecutiva: manual de comunicación escrita y atención telefónica en la empresa | ||
| 250 | _a3 edición | ||
| 260 | _aEspaña | ||
| 260 | _bFundación Confemetal | ||
| 260 | _c2016 | ||
| 300 | _a345 páginas | ||
| 650 | _aMANEJO DE LA OFICINA | ||
| 650 | _aSECRETARIADO EJECUTIVO | ||
| 650 | _aCOMUNICACIÓN | ||
| 650 | _aCONFIDENCIALIDAD DE LA INFORMACIÓN | ||
| 650 | _aREDES SOCIALES | ||
| 650 | _aINTERNET | ||
| 650 | _aCORREO ELECTRÓNICO | ||
| 650 | _aLENGUAJE EMPRESARIAL | ||
| 650 | _aACTAS | ||
| 650 | _aPRESENTACIONES | ||
| 650 | _aPONENCIAS | ||
| 650 | _aALMACENAMIENTO DE LA INFORMACIÓN | ||
| 650 | _aRECUPERACIÓN DE INFORMACIÓN | ||
| 650 | _aDIFUSIÓN DE LA INFORMACIÓN | ||
| 650 | _aARCHIVOS | ||
| 650 | _aATENCIÓN AL CLIENTE | ||
| 650 | _aATENCIÓN TELEFÓNICA | ||
| 650 | _aROAMING | ||
| 650 | _aVIDEOCONFERENCIA | ||
| 650 | _aCALL CENTERS | ||
| 650 | _aCARTAS | ||
| 650 | _aINFORMES | ||
| 650 | _aDOCUMENTOS OFICIALES | ||
| 650 | _aFIRMA ELECTRÓNICA | ||
| 650 | _aMEDIOS ELECTRÓNICOS | ||
| 942 |
_cBK _2ddc |
||
| 999 |
_c8943 _d8943 |
||